| 000 | 00485nam a2200169 4500 | ||
|---|---|---|---|
| 001 | 126663 | ||
| 003 | ES-MaACL | ||
| 005 | 20230906192845.0 | ||
| 007 | t| | ||
| 008 | 070214s1922 sp r ||||1| spa d | ||
| 100 | 0 |
_aRévész, Andrés. _996422 |
|
| 245 | 1 | 3 |
_aLa conferencia de Washington y el problema del Pacífico / _cAndrés Révész. |
| 250 | _a2ª. ed. | ||
| 260 |
_aMadrid : _b[s.n.], _c1922 ( _fImp. Juan Pueyo) |
||
| 300 |
_a158 p. ; _c19 cm. |
||
| 852 |
_aES-MaACL _jF-7231 |
||
| 999 |
_c126663 _d126663 |
||